000
00308nam a22001337a 4500
008
171011b xxu||||| |||| 00| 0 eng d
020
_a
9780631232346
041
_a
eng
080
_a
316
100
_a
50
101
_a
SOC
245
_a
SEXUALITY IN GREEK AND ROMAN CULTURE
_c
SKINNER,M.B
942
_2
udc
_c
BK
999
_c
33226
_d
33226